000 00387nam a2200169Ia 4500
003 OSt
005 20240422121028.0
008 170619s9999 xx 000 0 und d
020 _a9780070080201
040 _cIIMT ENGINEERING COLLEGE
100 _aBronson R.
245 0 _aOperations Research
260 _bNew Delhi: TMH
260 _c1997
546 _aENGLISH
942 _2ddc
_c01
999 _c16402
_d16402